Normal view
MARC view
Entry Personal Name
001 - CONTROL NUMBER
- control field: 28891
003 - CONTROL NUMBER IDENTIFIER
- control field: ARRUPE
005 - DATE AND TIME OF LATEST TRANSACTION
- control field: 20170216124023.0
008 - FIXED-LENGTH DATA ELEMENTS
- fixed length control field: 170216|| aca||aabn | a|a d
040 ## - CATALOGING SOURCE
- Original cataloging agency: ARRUPE
- Transcribing agency: ARRUPE
100 ## - HEADING--PERSONAL NAME
- Personal name: Gwisai, Munyaradzi
670 ## - SOURCE DATA FOUND
- Source citation: Work cat.: (ARRUPE): Gwisai, Munyaradzi, Revolutionaries, Resistance and Crisis in Zimbabwe, 2007